| 000 | 00398nam a2200157Ia 4500 | ||
|---|---|---|---|
| 005 | 20250124054815.0 | ||
| 008 | 240331s9999 xx 000 0 und d | ||
| 020 | _a9558387002 | ||
| 082 |
_bBRE _a920 |
||
| 100 | _aCenter for society | ||
| 245 | 0 | _aBreaking the alabaster box | |
| 260 |
_aColombo _bCentre for Society & Religion _c2000 |
||
| 300 | _a58 p ., | ||
| 650 | _aBibliography | ||
| 942 | _cL | ||
| 999 |
_c3452 _d3452 |
||